[Event "Asian University"]
[Site "Tornelo INT"]
[Date "2021.09.12"]
[Round "9"]
[White "Ranasinghe, OR Hasini Anuththar"]
[Black "Ahmad Nazari, Emir Rusyaidi"]
[Result "0-1"]
[WhiteElo "1586"]
[BlackElo "1963"]
[PlyCount "64"]
[EventDate "2021.09.10"]
[EventType "swiss (rapid)"]
[EventRounds "9"]
[EventCountry "NET"]
[SourceTitle "CBM 204 Extra"]
[Source "ChessBase"]
[SourceDate "2021.11.30"]
[SourceVersion "1"]
[SourceVersionDate "2021.11.30"]
[SourceQuality "1"]

1. e4 c6 2. d4 d5 3. f3 dxe4 4. fxe4 e5 5. Nf3 exd4 6. Bc4 Nd7 7. 0-0 Ngf6 8. Bg5 Be7 9. Nxd4 Ne5 10. Bb3 0-0 11. Bxf6 Bxf6 12. c3 Ng4 13. Rf3 Qd6 14. g3 Ne5 15. Rf1 Bh3 16. Re1 Rad8 17. Nd2 c5 18. N4f3 c4 19. Bc2 Nxf3+ 20. Nxf3 Qc5+ 21. Nd4 Bxd4+ 22. cxd4 Rxd4 23. Qf3 Rd2+ 24. Re3 Rxc2 25. Rae1 h5 26. e5 Rd8 27. Qxh5 Be6 28. Qg5 Rdd2 29. Kh1 Rxh2+ 30. Kg1 Rcg2+ 31. Kf1 Qd5 32. Qe7 Rh1# 0-1

[Event "Kuala Lumpur Merdeka rapid op"]
[Site "Kuala Lumpur"]
[Date "2019.09.01"]
[Round "4"]
[White "Ahmad Nazari, Emir Rusyaidi"]
[Black "Chan, Kim Yew"]
[Result "1/2-1/2"]
[WhiteElo "1943"]
[BlackElo "2247"]
[PlyCount "142"]
[EventDate "2019.09.01"]
[EventType "swiss (rapid)"]
[EventRounds "7"]
[EventCountry "MAS"]
[SourceTitle "EXT 2020"]
[Source "ChessBase"]
[SourceDate "2019.10.17"]
[SourceVersion "1"]
[SourceVersionDate "2019.10.17"]
[SourceQuality "1"]

1. e4 c5 2. Nf3 Nc6 3. Bb5 g6 4. Bxc6 bxc6 5. d3 Bg7 6. 0-0 Nf6 7. Be3 d6 8. Nc3 Bg4 9. h3 Bxf3 10. Qxf3 0-0 11. Rad1 Qa5 12. e5 dxe5 13. Qxc6 Rfc8 14. Qa4 Qb4 15. Bc1 Nd5 16. Qxb4 Nxb4 17. Rd2 f6 18. b3 Bh6 19. Rdd1 Bxc1 20. Rxc1 Nc6 21. f4 Rd8 22. fxe5 Nxe5 23. Rce1 Rac8 24. Rxe5 fxe5 25. Re1 Kf7 26. Rxe5 Kf6 27. Re3 e5 28. Kf2 Ke6 29. Ke2 Rf8 30. Ne4 Rf5 31. g4 Rf4 32. Ng5+ Kd6 33. Nxh7 Rh8 34. Ng5 Rhf8 35. Ne4+ Kc6 36. Rg3 Rf1 37. a4 Rc1 38. Kd2 Rh1 39. Kc3 Rh2 40. Re3 Rf1 41. Kb2 Rg1 42. Rg3 Rxg3 43. Nxg3 Rxh3 44. Ne4 Rh2 45. Kc3 Rg2 46. g5 Kd5 47. Nf6+ Ke6 48. Ne4 Kf5 49. Nxc5 Rxg5 50. b4 Rh5 51. b5 g5 52. a5 Rh6 53. Ne4 g4 54. Kd2 Kf4 55. c4 g3 56. Nxg3 Kxg3 57. c5 e4 58. b6 axb6 59. axb6 Kf4 60. dxe4 Ke5 61. Kd3 Rh1 62. Kc4 Rb1 63. c6 Rxb6 64. Kc5 Rb1 65. c7 Rc1+ 66. Kb6 Kd6 67. e5+ Ke6 68. Kb7 Kd7 69. e6+ Kxe6 70. c8Q+ Rxc8 71. Kxc8 Ke5 1/2-1/2

[Event "Putrajaya op 1st"]
[Site "Putrajaya"]
[Date "2019.01.21"]
[Round "8"]
[White "Cheah, Kah Hoe"]
[Black "Ahmad Nazari, Emir Rusyaidi"]
[Result "1-0"]
[WhiteElo "1785"]
[BlackElo "1992"]
[PlyCount "61"]
[EventDate "2019.01.19"]
[EventType "swiss"]
[EventRounds "8"]
[EventCountry "MAS"]
[SourceTitle "CBM 188 Extra"]
[Source "ChessBase"]
[SourceDate "2019.02.28"]
[SourceVersion "1"]
[SourceVersionDate "2019.02.28"]
[SourceQuality "1"]

1. Nf3 d5 2. g3 Nf6 3. Bg2 Bf5 4. d3 c6 5. 0-0 h6 6. Nc3 e6 7. Nd2 Nbd7 8. e4 Bg6 9. f4 Bc5+ 10. Kh1 0-0 11. e5 Ne8 12. Nf3 Bb6 13. Ne2 c5 14. g4 f6 15. d4 cxd4 16. Nexd4 Nc7 17. f5 Bf7 18. fxe6 Nxe6 19. Nf5 fxe5 20. Qxd5 Nf4 21. Qb5 a6 22. Qb4 Nxg2 23. Kxg2 Re8 24. Bxh6 gxh6 25. Nxh6+ Kg7 26. Nxf7 Qe7 27. Qxe7 Rxe7 28. Nd6 Re6 29. Nf5+ Kg8 30. Ng5 Re7 31. Nxe7+ 1-0

[Event "Putrajaya op 1st"]
[Site "Putrajaya"]
[Date "2019.01.20"]
[Round "5"]
[White "Zulkipli, Zaidan"]
[Black "Ahmad Nazari, Emir Rusyaidi"]
[Result "0-1"]
[WhiteElo "2191"]
[BlackElo "1992"]
[PlyCount "154"]
[EventDate "2019.01.19"]
[EventType "swiss"]
[EventRounds "8"]
[EventCountry "MAS"]
[SourceTitle "CBM 188 Extra"]
[Source "ChessBase"]
[SourceDate "2019.02.28"]
[SourceVersion "1"]
[SourceVersionDate "2019.02.28"]
[SourceQuality "1"]

1. d4 Nf6 2. c4 g6 3. g3 Bg7 4. Bg2 d5 5. cxd5 Nxd5 6. e3 0-0 7. Ne2 c5 8. e4 Nb4 9. d5 c4 10. 0-0 Nd3 11. Nbc3 e6 12. Nf4 Nxc1 13. Rxc1 exd5 14. Ncxd5 Bxb2 15. Rxc4 Nc6 16. Qb1 Bg7 17. Rfc1 Kh8 18. h3 Be6 19. Nxe6 fxe6 20. Nf4 Qf6 21. Rf1 Rf7 22. Rcc1 Bh6 23. Qa1 Qxa1 24. Rxa1 Bxf4 25. gxf4 Rxf4 26. Rab1 Rf7 27. e5 Nxe5 28. Rfe1 Nd3 29. Rxe6 Nc5 30. Re5 Rc8 31. Rd1 b6 32. Rd2 Kg7 33. Bf1 Rcc7 34. Bc4 Rfe7 35. Rxe7+ Rxe7 36. Rd8 Kf6 37. Kg2 Rd7 38. Re8 Rd4 39. Bg8 h5 40. Ra8 Rd7 41. Rf8+ Kg5 42. Bc4 Rd4 43. Bg8 Nd3 44. Kf3 Rh4 45. Be6 Nc5 46. Bc8 Ra4 47. Ke3 Rxa2 48. f4+ Kh6 49. Rf6 Kg7 50. Rc6 Ra3+ 51. Kd4 Ra4+ 52. Ke3 Re4+ 53. Kf3 Re7 54. f5 gxf5 55. Bxf5 Rb7 56. Kf4 a5 57. Kg5 a4 58. Bb1 Nd7 59. Rg6+ Kf7 60. Kxh5 b5 61. Ba2+ Ke7 62. Kg5 b4 63. Ra6 Nc5 64. Ra8 Kd6 65. h4 Rg7+ 66. Kh6 Rg2 67. Bf7 b3 68. Rb8 b2 69. Ba2 a3 70. Ra8 Rg1 71. Rxa3 Ra1 72. Ra8 Rxa2 73. Rb8 Kc7 74. Rb4 Nd3 75. Rb3 Ra1 76. h5 b1Q 77. Rxb1 Rxb1 0-1

[Event "Puchong FF03 IM"]
[Site "Puchong"]
[Date "2018.03.06"]
[Round "8"]
[White "Dushyant, Sharma"]
[Black "Ahmad Nazari, Emir Rusyaidi"]
[Result "1/2-1/2"]
[WhiteElo "2261"]
[BlackElo "1990"]
[PlyCount "51"]
[EventDate "2018.03.03"]
[EventType "tourn"]
[EventRounds "9"]
[EventCountry "MAS"]
[EventCategory "1"]
[SourceTitle "CBM 183 Extra"]
[Source "ChessBase"]
[SourceDate "2018.04.19"]
[SourceVersion "1"]
[SourceVersionDate "2018.04.19"]
[SourceQuality "1"]

1. e4 c6 2. d4 d5 3. e5 Bf5 4. h4 h5 5. c4 dxc4 6. Bxc4 e6 7. Ne2 Bg4 8. f3 Bf5 9. Nbc3 Be7 10. g3 Nd7 11. Bd3 Bxd3 12. Qxd3 Nxe5 13. Qe3 Nd7 14. Kf2 Ngf6 15. Kg2 Nb6 16. Qf2 Nbd5 17. Bg5 Qc7 18. Rac1 Qa5 19. a3 Nxc3 20. Nxc3 Rd8 21. Rhe1 Nd5 22. Ne4 Qb6 23. Rcd1 Nf6 24. Nc3 Nd5 25. Ne4 Nf6 26. Nc3 1/2-1/2

[Event "Penang op-A 9th"]
[Site "Penang"]
[Date "2017.12.07"]
[Round "6"]
[White "Ahmad Nazari, Emir Rusyaidi"]
[Black "Aditya, Mittal"]
[Result "1/2-1/2"]
[WhiteElo "1965"]
[BlackElo "2288"]
[PlyCount "70"]
[EventDate "2017.12.04"]
[EventType "swiss"]
[EventRounds "9"]
[EventCountry "MAS"]
[SourceTitle "CBM 182 Extra"]
[Source "ChessBase"]
[SourceDate "2018.02.23"]
[SourceVersion "1"]
[SourceVersionDate "2018.02.23"]
[SourceQuality "1"]

1. e4 c5 2. c3 Nf6 3. e5 Nd5 4. d4 cxd4 5. cxd4 e6 6. Nf3 d6 7. Bc4 Be7 8. 0-0 0-0 9. Bd2 dxe5 10. dxe5 b6 11. Nc3 Ba6 12. Qa4 Nxc3 13. Bxc3 Qe8 14. Qxe8 Rxe8 15. Nd2 Bb7 16. Bb5 Rd8 17. Rfd1 Na6 18. Bxa6 Bxa6 19. Ne4 Be2 20. Re1 Bc4 21. Nd6 Bxd6 22. exd6 Rxd6 23. h3 Bd5 24. Rad1 Rc6 25. a3 Rc4 26. Rd4 Rxd4 27. Bxd4 Rc8 28. Be3 f6 29. Rc1 Bc6 30. a4 Kf7 31. b4 Bd7 32. Rxc8 Bxc8 33. a5 bxa5 34. bxa5 a6 35. f4 Kg6 1/2-1/2

[Event "World School-ch U17"]
[Site "Iasi"]
[Date "2017.04.24"]
[Round "2"]
[White "Albu, George"]
[Black "Ahmad Nazari, Emir Rusyaidi"]
[Result "0-1"]
[WhiteElo "1950"]
[BlackElo "1812"]
[PlyCount "90"]
[EventDate "2017.04.23"]
[EventType "swiss"]
[EventRounds "9"]
[EventCountry "ROU"]
[SourceTitle "CBM 178 Extra"]
[Source "ChessBase"]
[SourceDate "2017.06.22"]
[SourceVersion "1"]
[SourceVersionDate "2017.06.22"]
[SourceQuality "1"]

1. d4 Nf6 2. c4 g6 3. Nc3 d5 4. cxd5 Nxd5 5. e4 Nxc3 6. bxc3 Bg7 7. Be3 c5 8. Nf3 Nc6 9. Rc1 Qa5 10. Qd2 cxd4 11. cxd4 Qxd2+ 12. Kxd2 0-0 13. d5 Rd8 14. Kc2 Na5 15. Bd2 b6 16. Bb4 Bd7 17. Ba6 e6 18. d6 Bc8 19. Bd3 Nc6 20. Ba3 Ne5 21. Rcd1 Nxf3 22. gxf3 Be5 23. Be2 Bd7 24. Kb1 Bc6 25. h3 b5 26. Bc5 Rd7 27. Rd3 b4 28. Rhd1 Bb5 29. R3d2 Bxe2 30. Rxe2 Rc8 31. Rc2 Rc6 32. Rd3 a5 33. a3 bxa3 34. Bxa3 Rb7+ 35. Kc1 Bf4+ 36. Re3 Bxe3+ 37. fxe3 Rxc2+ 38. Kxc2 f6 39. f4 Kf7 40. Bb2 e5 41. Bc3 a4 42. fxe5 fxe5 43. Bxe5 Ke6 44. Bd4 Kxd6 45. Kd3 a3 0-1

[Event "Kuala Lumpur UM KPT op"]
[Site "Kuala Lumpur"]
[Date "2016.12.16"]
[Round "2"]
[White "Lee, Yib Yi"]
[Black "Ahmad Nazari, Emir Rusyaidi"]
[Result "0-1"]
[WhiteElo "1419"]
[BlackElo "1953"]
[PlyCount "70"]
[EventDate "2016.12.16"]
[EventType "swiss"]
[EventRounds "9"]
[EventCountry "MAS"]
[SourceTitle "CBM 176 Extra"]
[Source "ChessBase"]
[SourceDate "2017.03.02"]
[SourceVersion "1"]
[SourceVersionDate "2017.03.02"]
[SourceQuality "1"]

1. d4 Nf6 2. Nf3 c5 3. c3 cxd4 4. cxd4 d5 5. Bf4 Qb6 6. b3 Bf5 7. e3 Nc6 8. Bd3 Bxd3 9. Qxd3 Nb4 10. Qe2 Rc8 11. 0-0 e6 12. Ne5 Be7 13. Bg5 Ne4 14. Bxe7 Kxe7 15. Na3 f6 16. Qg4 Rhg8 17. Rac1 Rxc1 18. Rxc1 fxe5 19. dxe5 Nc6 20. Qh4+ Kf7 21. Qh5+ Kf8 22. Qxh7 Qa5 23. Nb1 Qxa2 24. Qh4 Qb2 25. Qf4+ Ke8 26. Rf1 Qxe5 27. Qg4 Kf7 28. f4 Qf5 29. Qe2 Nf6 30. Nc3 a6 31. h3 Ne4 32. Nb1 Ng3 33. Qf3 Nxf1 34. Qxf1 Qe4 35. Qe1 d4 0-1

[Event "Penang op 8th"]
[Site "Penang"]
[Date "2016.12.06"]
[Round "2"]
[White "Ahmad Nazari, Emir Rusyaidi"]
[Black "Doshi, Devansh Sanjay"]
[Result "0-1"]
[WhiteElo "1953"]
[BlackElo "1535"]
[PlyCount "104"]
[EventDate "2016.12.05"]
[EventType "swiss"]
[EventRounds "9"]
[EventCountry "MAS"]
[SourceTitle "CBM 176 Extra"]
[Source "ChessBase"]
[SourceDate "2017.03.02"]
[SourceVersion "1"]
[SourceVersionDate "2017.03.02"]
[SourceQuality "1"]

1. e4 c5 2. c3 e6 3. Nf3 a6 4. d4 b5 5. Be3 Bb7 6. Nbd2 Qc7 7. a4 c4 8. axb5 axb5 9. Rxa8 Bxa8 10. e5 Ne7 11. Qa1 Bc6 12. Be2 Nd5 13. 0-0 Be7 14. Rb1 0-0 15. b3 cxb3 16. Rxb3 Rc8 17. Nf1 b4 18. cxb4 Bxb4 19. Qb2 Ba5 20. h3 Nb6 21. Qa1 Nd5 22. N3d2 Bb4 23. Qb2 Bf8 24. Nc4 Na6 25. Nb6 Nxb6 26. Bxa6 Na4 27. Qc2 Bd5 28. Qxc7 Rxc7 29. Rb8 Ra7 30. Bd2 Rxa6 31. Bb4 Ra8 32. Rxa8 Bxa8 33. Bd2 d6 34. Ne3 dxe5 35. dxe5 Nc5 36. f4 Nd3 37. Nf1 Bc5+ 38. Kh2 Bf2 39. Ng3 Ne1 40. Bxe1 Bxe1 41. Ne2 Kf8 42. Kg1 Bb4 43. Kf2 Bc5+ 44. Kg3 Ke7 45. Nc1 h5 46. Nd3 Be3 47. h4 Be4 48. Nb2 f6 49. Nc4 Bc5 50. Nd2 Bd5 51. exf6+ gxf6 52. Nf1 e5 0-1